Langue française: racines grecques #2 - les mots en "anti" - Statistiques

Statistiques générales
  • Ce quiz a été pris 7 725 fois
  • Le résultat moyen est 9 sur 16
Statistiques - réponses
Définition Réponse % Correct
Médicament utilisé pour combattre les bactéries pathogènes Antibiotique
85%
Se dit de quelqu'un qui ne suscite aucune sympathie Antipathique
78%
Guérit un empoisonnement Antidote
75%
Médicament qu'on utilise pour traiter la douleur Antalgique
73%
Mot qui a la signification opposée à un autre Antonyme
71%
Dissuadant le vol d'objet Antivol
70%
Opposée à la matière Antimatière
65%
Dans un discours, on y oppose des choses contraires les une aux autres Antithèse
65%
Le pôle sud de la Terre Antarctique
61%
La substance au-dessus provoque sa production Anticorps
61%
Autre nom pour un rival ou un méchant, en littérature Antagoniste
59%
Zone météorologique à haute pression atmosphérique Anticyclone
47%
Point diamétralement opposé à un autre sur une sphère Antipode
40%
Substance étrangère à un organisme Antigène
26%
Se dit des produits utilisés à la surface du corps pour éliminer les micro-organismes Antiseptique
23%
Figure de style dans laquelle un nom commun est utilisé comme nom propre et inversément Antonomase
9%
Aucun quiz correspondant
Distribution des résultats
% des personnes avec chaque résultat
Percentile par nombre de réponses
Votre historique - résultats
Vous n’avez pas pris ce quiz